| 000 | 00555nam a22001817a 4500 | ||
|---|---|---|---|
| 005 | 20251108172401.0 | ||
| 008 | 250721s1986 xx 000 0 ara d | ||
| 082 | 1 | 4 | _a301.072/إحس |
| 100 | 1 | _aالحسن، إحسان محمد | |
| 245 | 1 | 0 | _aالأسس العلمية لمناهج البحث الإجتماعي / |
| 250 | _aط2 | ||
| 264 | 1 |
_aبيروت : _bالدار الطليعة للطباعة و النشر، _c1986. |
|
| 300 | _a160ص | ||
| 650 | 1 | 7 | _aعلم الإجتماع |
| 650 | 1 | 7 | _aالبحث |
| 942 |
_2ddc _cBK |
||
| 999 |
_c77858 _d77858 |
||